LGAs of NSW - Statistics

General Stats
  • This quiz has been taken 168 times
  • The average score is 65 of 130
Answer Stats
Answer % Correct
1 City of {Sydney}
92%
6 City of {Wollongong}
91%
1 City of {Parramatta}
86%
1 {Sutherland} Shire
85%
8 City of {Broken Hill}
84%
6 City of {Newcastle}
84%
1 City of {Penrith}
84%
1 City of {Blue Mountains}
82%
1 City of {Campbelltown}
82%
1 {Northern Beaches} Council
81%
1 {Blacktown} City Council
80%
1 {Central Coast} Council
80%
5 City of {Orange}
80%
8 {Dubbo} Regional Council
80%
2 City of {Coffs Harbour}
78%
5 {Bathurst} Regon
76%
1 City of {Ryde}
76%
3 City of {Albury}
75%
1 City of {Liverpool}
75%
1 {Hornsby} Shire
75%
7 {Tweed} Shire
75%
1 {North Sydney} Council
74%
5 {Tamworth} Regional Council
74%
1 {The Hills} Shire
74%
4 City of {Wagga Wagga}
73%
1 {Inner West} Council
73%
1 {Bayside} Council
72%
1 City of {Randwick}
72%
1 Municipality of {Strathfield}
72%
7 {Byron} Shire
70%
6 City of {Maitland}
70%
1 City of {Canada Bay}
69%
1 {Cumberland} City Council
69%
1 {Mosman} Council
69%
6 Municipality of {Kiama}
69%
1 {Camden} Council
68%
1 City of {Canterbury-Bankstown}
68%
1 Municipality of {Burwood}
68%
1 City of {Fairfield}
67%
1 City of {Hawkesbury}
67%
1 Municipality of {Waverley}
67%
5 {Armidale} Regional Council
66%
7 {Ballina} Shire
66%
7 City of {Lismore}
65%
6 City of {Shoalhaven}
65%
1 {Wollondilly} Shire
64%
1 {Ku-ring-gai} Council
63%
1 Municipality of {Woollahra}
63%
1 {Georges River} Council
61%
4 City of {Griffith}
60%
6 City of {Shellharbour}
60%
1 City of {Willoughby}
60%
1 Municipality of {Hunter's Hill}
60%
6 City of {Cessnock}
58%
1 {Lane Cove} Council
58%
6 City of {Lake Macquarie}
57%
5 City of {Lithgow}
57%
5 {Parkes} Shire
56%
6 {Port Stephens} Council
56%
6 {Singleton} Council
56%
6 {Muswellbrook} Shire
49%
8 {Bourke} Shire
48%
5 {Forbes} Shire
47%
4 {Hay} Shire
45%
2 {Kempsey} Shire
45%
6 {Dungog} Shire
44%
5 {Glen Innes} Severn Council
44%
8 {Cobar} Shire
43%
5 {Cowra} Shire
43%
8 Unincorporated {Far West}
43%
3 {Wentworth} Shire
43%
5 {Upper Hunter} Shire
42%
5 {Narrabri} Shire
41%
6 {Wingecarribee} Shire
41%
7 {Bega Valley} Shire
40%
6 {Mid-Coast} Council
40%
7 {Eurobodalla} Shire
39%
4 {Leeton} Shire
39%
7 {Richmond Valley} Council
39%
2 {Bellingen} Shire
38%
5 {Tenterfield} Shire
38%
5 {Gunnedah} Shire
36%
3 {Murray River} Council
36%
2 {Port Macquarie-Hastings} Council
36%
7 {Snowy Monaro} Regional Council
36%
8 {Walgett} Shire
35%
3 {Balranald} Shire
34%
2 {Clarence Valley} Council
34%
5 {Inverell} Shire
34%
4 {Junee} Shire
34%
7 {Kyogle} Council
34%
5 {Oberon} Shire
34%
5 {Lachlan} Shire
33%
7 {Queanbeyan-Palerang} Regional Council
32%
4 {Snowy Valleys} Council
32%
7 {Goulburn Mulwaree} Council
31%
5 {Liverpool Plains} Shire
31%
5 {Mid-Western} Regional Council
31%
5 {Moree Plains} Shire
30%
4 {Murrumbidgee} Council
30%
4 {Temora} Shire
30%
5 {Walcha} Shire
30%
8 {Warrumbungle} Shire
30%
8 {Bogan} Shire
28%
4 {Cootamundra-Gundagai} Regional Council
28%
3 {Edward River} Council
28%
3 {Federation} Council
28%
3 {Greater Hume} Shire
28%
2 {Nambucca Valley} Council
28%
7 {Upper Lachlan} Shire
28%
7 {Yass Valley} Council
28%
5 {Blayney} Shire
27%
8 {Central Darling} Shire
27%
4 {Narrandera} Shire
27%
5 {Uralla} Shire
25%
5 {Cabonne} Shire
24%
7 {Hilltops} Council
24%
3 {Berrigan} Shire
23%
4 {Bland} Shire
23%
4 {Coolamon} Shire
23%
4 {Lockhart} Shire
23%
8 {Warren} Shire
23%
8 {Brewarrina} Shire
22%
8 {Coonamble} Shire
18%
2 Lord Howe Island
18%
4 {Carrathool} Shire
17%
5 {Weddin} Shire
17%
5 {Gwydir} Shire
16%
8 {Gilgrandra} Shire
14%
8 {Marromine} Shire
14%
No matching quizzes found
Score Distribution
Percent of People with Each Score
Percentile by Number Answered
Your Score History
You have not taken this quiz